| 000 | 01528cam a2200433 i 4500 | ||
|---|---|---|---|
| 999 |
_c110 _d110 |
||
| 001 | 18617318 | ||
| 003 | OSt | ||
| 005 | 20200313105855.0 | ||
| 008 | 150514t20132011nyu d 000 1 eng d | ||
| 010 | _a 2014501950 | ||
| 020 | _a9780142422076 (pbk.) | ||
| 020 | _a014242207X (pbk.) | ||
| 035 | _a(OCoLC)ocn798615577 | ||
| 040 |
_aBTCTA _beng _erda _cBTCTA _dYDXCP _dDLC |
||
| 042 | _alccopycat | ||
| 082 | 0 | 4 |
_aFIC LU _223 |
| 100 | 1 |
_aLu, Marie, _d1984- _eauthor |
|
| 245 | 1 | 0 |
_aLegend / _cMarie Lu. |
| 264 | 1 |
_aNew York : _bSpeak, _c[2013] |
|
| 300 |
_a305, 14 pages ; _c21 cm |
||
| 336 |
_atext _btxt _2rdacontent |
||
| 337 |
_aunmediated _bn _2rdamedia |
||
| 338 |
_avolume _bnc _2rdacarrier |
||
| 440 |
_aLegend novels ; _nBook 1. |
||
| 500 | _aIncludes excerpt from the sequel, Prodigy. | ||
| 520 | _aIn a dark future, when North America has split into two warring nations, fifteen-year-old Day, a famous criminal, and prodigy June, the brilliant soldier hired to capture him, discover that they have a common enemy. | ||
| 650 | 1 |
_aFugitives from justice _vFiction. |
|
| 650 | 1 |
_aCriminals _vFiction. |
|
| 650 | 1 |
_aSoldiers _vFiction. |
|
| 650 | 1 |
_aWar _vFiction. |
|
| 650 | 1 |
_aBrothers and sisters _vFiction. |
|
| 650 | 1 |
_aGovernment, Resistance to _vFiction. |
|
| 650 | 1 |
_aPlague _vFiction. |
|
| 650 | 1 | _aScience fiction. | |
| 700 |
_aTamura, Marikka _eDesigner |
||
| 906 |
_a7 _bcbc _ccopycat _d2 _encip _f20 _gy-gencatlg |
||
| 942 |
_2ddc _cFIC |
||